Constitución política de la República Mexicana, sobre la indestructible base de su legítima independencia, ...

Detalles Bibliográficos
Formato: Libro
Materias:
Colección:Banco de datos
Acervo:Biblioteca del Museo de sitio casa de Morelos. Morelia. Michoacán
Tema general:Derecho Civil
Notas:Regular. a5,5. Material moderno. Encuadernada con: Constitución política del estado de Michoacán.
LEADER 00692nam a22001690004500
035 |a 58433 
036 |a 1494 
245 1 0 |a Constitución política de la República Mexicana, sobre la indestructible base de su legítima independencia, ... 
500 |a Regular. a5,5. Material moderno. Encuadernada con: Constitución política del estado de Michoacán. 
650 1 0 |a Derecho Civil 
949 |a C.MOR 
959 |a Museo de Sitio Casa de Morelos. Morelia, Michoacán  |b CCC8 
960 |a Museo de Sitio Casa de Morelos, Michoacán  |b DD91 
961 |a Varias Ordenes Religiosas  |b VO 
942 |c MORELIA 
943 |g Biblioteca del Museo de sitio casa de Morelos. Morelia. Michoacán 
999 |c 975932  |d 975932